00614caa a22001212a 4500001000900000003001100009008004300020100003000063245004700093300001600140500014800156773018800304 022668 AR-FADEU 311216n########xxu####################dd aMartín Barbero, Jesús aConvergencia digital y diversidad cultural aPP. 137-165 aEn: Mutaciones de lo visible : una comunicación y procesos culturales en la era digital /comp. Denis de Moraes. Buenos Aires : Paidós, 20100 028356aMoraes, Denis de, comp.bdBuenos Aireso19955tMutaciones de lo visible : una comunicación y procesos culturales en la era digitalw( AR-FADEU) 022659xz978-950-12-2733-8